Horror Films (Movies) from Plot Summaries - Statistics

General Stats
  • This quiz has been taken 999 times
  • The average score is 6 of 15
Answer Stats
Hint Date Answer % Correct
A murderer escapes from a hospital with a big knife and stalks a babysitter in his home town. 1978 Halloween
85%
A teenager with telekinesis suffers at the hands of her High School compatriots. 1976 Carrie
82%
An author must figure out how to escape from his crazy fan after she rescues him from a car crash. 1990 Misery
65%
A group of women get lost in some terrifying caves. 2006 The Descent
62%
A young wife living in a New York flat becomes convinced that her child is not entirely human. 1968 Rosemary's Baby
55%
A Puritan family experience evil forces in the wood next to their farm. 2016 The Witch
44%
Two Americans stray off the path on the English moors and get attacked by a supernatural animal. 1981 An American Werewolf in London
42%
In the time of the Spanish Civil War, a girl must undertake three tasks in a fairytale world. 2006 Pan's Labyrinth
42%
A bullied Swedish boy develops a friendship with a vampire girl. 2008 Let The Right One In
34%
Sideshow performers take revenge on one of their own. 1932 Freaks
29%
A girl who entertains men over the internet discovers she has an impersonator. 2018 CAM
25%
A man struggles with caring for his swaddled inhuman baby, in a surreal world where a woman sings to him from inside a radiator. 1977 Eraserhead
24%
A drifter reveals the aliens controlling society using his special sunglasses (picture above). 1988 They Live
24%
A silent film in which a hypnotist and a somnabulist in a carnival visit a German town, and people start getting murdered. 1920 The Cabinet of Dr Caligari
18%
A married couple in Venice can't escape the death of their child. 1973 Don't Look Now
15%
No matching quizzes found
Score Distribution
Percent of People with Each Score
Percentile by Number Answered
Your Score History
You have not taken this quiz